000 00788nam a2200205 i 4500
001 180938
003 ES-MaACL
005 20230906221225.0
008 120831s1987 sp |||| | glg d
080 _a75 Barros, Tomás (083.824)
100 1 _aBarros, Tomás (
_d1922-1986)
_926051
245 1 0 _aTomás Barros
_b: mostra da sua obra plastica, cun complemento grafico-bibliografico e documental : Museo Galego de Arte Contemporánea "Carlos Maside" decembro de 1987.
260 _aSada, A Coruña :
_bDo Castro,
_c1987.
300 _a18, [16] p. :
_bil. ;
_c24 cm.
600 1 4 _aBarros, Tomás (
_d1922-1986)-
_vExposiciones.
_926052
655 7 _2tgfbne
_9193628
_aCatálogos de exposiciones
852 _aES-MaACL
_j2318-F-21
942 _2udc
999 _c180938
_d180938